000 00779nam a22002417a 4500
001 65218
003 UA-OsUOA
005 20220411094003.0
007 ta
008 20091118b un ||||| |||| 00| 0 ukr d
020 _a9668210190
040 _aUA-OsUOA
_bukr
_cUA-OsUOA
_dUA-OsUOA
041 _aukr
080 _a130.2
090 _a130.2
_bЧ-57
100 _aЧечель Н.
245 _aПовертаючи стиль: філософсько-антропологічний дискурс української видовищної і драматичної культури від початків до 18 ст.
260 _aК.
_bПарапан
_c2004
300 _a240 с.
650 7 _a1 Філософські науки
_2UDC
942 _cBK
_2udc
955 _a1
999 _c351322
_d351322